Loading...
| Literature - British | 0 | 8 | 0 | 1 | 80 | 34 | 81.13 | 0 | 6 | 0.00 | 0.00 |
| Literature - World | 0 | 7 | 0 | 0 | 70 | 49 | 82.29 | 1 | 4 | 0.00 | 0.00 |
| Literature - American | 0 | 7 | 1 | 0 | 65 | 37 | 63.14 | 4 | 6 | 0.00 | 0.00 |
| Literature - European | 0 | 6 | 0 | 1 | 60 | 65 | 81.50 | 0 | 2 | 0.00 | 0.00 |
| Religion | 0 | 5 | 0 | 1 | 50 | 46 | 79.40 | 1 | 2 | 0.00 | 0.00 |
| History - Other | 0 | 2 | 0 | 0 | 20 | 91 | 96.00 | 0 | 0 | 0.00 | 0.00 |
| History - World | 0 | 2 | 0 | 0 | 20 | 57 | 66.00 | 0 | 1 | 0.00 | 0.00 |
| Philosophy | 0 | 2 | 0 | 0 | 20 | 68 | 86.50 | 0 | 1 | 0.00 | 0.00 |
| Mythology | 0 | 2 | 0 | 0 | 20 | 32 | 52.00 | 0 | 2 | 0.00 | 0.00 |
| Fine Arts - Classical Music | 0 | 1 | 0 | 1 | 10 | 116 | 116.00 | 0 | 0 | 0.00 | 0.00 |
| Fine Arts - Other | 0 | 1 | 0 | 0 | 10 | 76 | 76.00 | 0 | 1 | 0.00 | 0.00 |
| Geography | 0 | 1 | 0 | 0 | 10 | 78 | 78.00 | 0 | 1 | 0.00 | 0.00 |
| Social Science | 0 | 1 | 1 | 0 | 5 | 33 | 33.00 | 1 | 1 | 0.00 | 0.00 |
| Popular Culture | 0 | 0 | 1 | 0 | -5 | 0.00 | 0 | 0 | 0.00 | 0.00 | |
| History - American | 0 | 0 | 1 | 0 | -5 | 0.00 | 0 | 0 | 0.00 | 0.00 |